Normal view
MARC view
- Rehman, Inam Ur
Entry Personal Name
001 - CONTROL NUMBER
- control field: 118412
003 - CONTROL NUMBER IDENTIFIER
- control field: NUST
005 - DATE AND TIME OF LATEST TRANSACTION
- control field: 20231007124806.0
008 - FIXED-LENGTH DATA ELEMENTS
- fixed length control field: 231007|| aca||aabn | a|a d
040 ## - CATALOGING SOURCE
- Original cataloging agency: NUST
- Transcribing agency: NUST
100 ## - HEADING--PERSONAL NAME
- Personal name: Rehman, Inam Ur
670 ## - SOURCE DATA FOUND
- Source citation: Work cat.: (NUST): Rehman, Inam Ur , Media Forensics Fake / Forged / Tempered Multimedia Content Detection /
